000 00279nam a22001337a 4500
008 180227b xxu||||| |||| 00| 0 eng d
020 _a9780980024012
041 _aeng
080 _a338
100 _a54
101 _aMEN
245 _aStrategy
_cKollat,D.T
942 _2udc
_cBK
999 _c43653
_d43653